[Event "DEM U16w 2022"]
[Site "Willingen GER"]
[Date "2022.06.06"]
[Round "3"]
[White "Prinzen, Siri Marleen"]
[Black "Werner, Rosalie"]
[Result "1-0"]
[Termination "normal"]
[Board "1"]
[WhiteElo "1744"]
[BlackElo "1706"]
[WhiteClock "00:31:16"]
[BlackClock "00:02:34"]
[PlyCount "131"]
[WhiteFideId "16265912"]
[BlackFideId "16223748"]
[EventCountry "GER"]
[EventRounds "9"]
[EventType "swiss"]
[EventDate "2022.06.04"]

1. e4 {[%clk 1:30:58]} e6 {[%clk 1:30:53]} 2. d4 {[%clk 1:31:24]} d5 {[%clk
1:31:18]} 3. e5 {[%clk 1:31:50]} c5 {[%clk 1:31:42]} 4. c3 {[%clk 1:32:15]} Nc6
{[%clk 1:31:47]} 5. Nf3 {[%clk 1:32:32]} Qb6 {[%clk 1:32:11]} 6. a3 {[%clk
1:32:57]} Bd7 {[%clk 1:32:26]} 7. b4 {[%clk 1:33:13]} cxd4 {[%clk 1:32:50]} 8.
cxd4 {[%clk 1:33:38]} Rc8 {[%clk 1:33:17]} 9. Be3 {[%clk 1:33:31]} Nh6 {[%clk
1:32:37]} 10. Bd3 {[%clk 1:33:44]} Ng4 {[%clk 1:31:25]} 11. O-O {[%clk
1:33:59]} Nxe3 {[%clk 1:30:20]} 12. fxe3 {[%clk 1:34:22]} Be7 {[%clk 1:29:46]}
13. Qe1 {[%clk 1:30:54]} Nb8 {[%clk 1:23:12]} 14. Nc3 {[%clk 1:26:06]} a6
{[%clk 1:18:36]} 15. Rc1 {[%clk 1:23:27]} O-O {[%clk 1:17:04]} 16. Qg3 {[%clk
1:20:38]} h6 {[%clk 1:06:23]} 17. Nh4 {[%clk 1:18:05]} Bxh4 {[%clk 0:53:43]}
18. Qxh4 {[%clk 1:18:27]} Qd8 {[%clk 0:42:28]} 19. Qg3 {[%clk 1:04:13]} Qg5
{[%clk 0:36:08]} 20. Qf4 {[%clk 0:53:59]} f5 {[%clk 0:20:03]} 21. exf6 {[%clk
0:51:02]} Qxf4 {[%clk 0:20:08]} 22. exf4 {[%clk 0:48:51]} Rxf6 {[%clk 0:18:50]}
23. f5 {[%clk 0:46:34]} Nc6 {[%clk 0:13:28]} 24. fxe6 {[%clk 0:44:25]} Rxf1+
{[%clk 0:13:08]} 25. Rxf1 {[%clk 0:41:01]} Bxe6 {[%clk 0:13:30]} 26. Ne2 {[%clk
0:40:58]} Ne7 {[%clk 0:10:49]} 27. h3 {[%clk 0:35:09]} Bf7 {[%clk 0:08:15]} 28.
Bh7+ {[%clk 0:31:37]} Kxh7 {[%clk 0:05:16]} 29. Rxf7 {[%clk 0:31:59]} Re8
{[%clk 0:05:39]} 30. Nc3 {[%clk 0:29:39]} Kg8 {[%clk 0:05:42]} 31. Rf3 {[%clk
0:27:47]} Rc8 {[%clk 0:04:20]} 32. Na4 {[%clk 0:23:30]} Rc4 {[%clk 0:02:11]}
33. Nc5 {[%clk 0:23:16]} Rxd4 {[%clk 0:02:12]} 34. Nxb7 {[%clk 0:23:37]} Rc4
{[%clk 0:01:50]} 35. Nc5 {[%clk 0:22:00]} a5 {[%clk 0:00:45]} 36. Na6 {[%clk
0:19:54]} axb4 {[%clk 0:00:54]} 37. Nxb4 {[%clk 0:19:57]} Rc5 {[%clk 0:00:55]}
38. Kf2 {[%clk 0:19:31]} Nc6 {[%clk 0:00:59]} 39. Nxc6 {[%clk 0:16:20]} Rxc6
{[%clk 0:01:23]} 40. Ke3 {[%clk 0:16:38]} Ra6 {[%clk 0:01:26]} 41. Kd4 {[%clk
0:15:04]} Ra5 {[%clk 0:01:30]} 42. Ke5 {[%clk 0:15:19]} g6 {[%clk 0:26:42]} 43.
Kd6 {[%clk 0:44:20]} Kg7 {[%clk 0:18:09]} 44. Kc6 {[%clk 0:43:28]} g5 {[%clk
0:10:57]} 45. Kb6 {[%clk 0:43:11]} Ra8 {[%clk 0:10:38]} 46. Kc5 {[%clk
0:43:02]} Ra5+ {[%clk 0:06:05]} 47. Kb4 {[%clk 0:43:17]} Ra8 {[%clk 0:06:11]}
48. g4 {[%clk 0:41:07]} Rc8 {[%clk 0:03:21]} 49. a4 {[%clk 0:37:43]} Rb8+
{[%clk 0:03:04]} 50. Kc5 {[%clk 0:37:49]} d4 {[%clk 0:02:13]} 51. a5 {[%clk
0:36:02]} Rb1 {[%clk 0:02:00]} 52. Ra3 {[%clk 0:31:34]} d3 {[%clk 0:01:27]} 53.
Rxd3 {[%clk 0:31:43]} Ra1 {[%clk 0:01:40]} 54. Kb6 {[%clk 0:30:24]} Rb1+ {[%clk
0:01:52]} 55. Ka7 {[%clk 0:29:57]} Ra1 {[%clk 0:01:51]} 56. a6 {[%clk 0:30:19]}
Kh7 {[%clk 0:01:49]} 57. Kb7 {[%clk 0:30:34]} Rb1+ {[%clk 0:02:12]} 58. Ka8
{[%clk 0:30:18]} Ra1 {[%clk 0:02:17]} 59. Rd7+ {[%clk 0:29:17]} Kg6 {[%clk
0:02:21]} 60. Rd6+ {[%clk 0:29:37]} Kg7 {[%clk 0:02:36]} 61. Kb7 {[%clk
0:29:49]} Rb1+ {[%clk 0:02:07]} 62. Rb6 {[%clk 0:30:11]} Re1 {[%clk 0:02:11]}
63. a7 {[%clk 0:30:30]} Re7+ {[%clk 0:02:27]} 64. Ka6 {[%clk 0:30:51]} Re8
{[%clk 0:02:14]} 65. Rb8 {[%clk 0:31:04]} Re6+ {[%clk 0:02:34]} 66. Kb5 {[%clk
0:31:16]} 1-0

[Event "DEM U16w 2022"]
[Site "Willingen GER"]
[Date "2022.06.06"]
[Round "3"]
[White "Sereda, Yaroslava"]
[Black "Voigt, Anastasia"]
[Result "0-1"]
[Termination "normal"]
[Board "2"]
[WhiteElo "1698"]
[BlackElo "1665"]
[WhiteClock "00:16:31"]
[BlackClock "00:39:44"]
[PlyCount "120"]
[WhiteFideId "14178940"]
[BlackFideId "16235223"]
[EventCountry "GER"]
[EventRounds "9"]
[EventType "swiss"]
[EventDate "2022.06.04"]

1. e4 {[%clk 1:30:48]} c6 {[%clk 1:30:54]} 2. d4 {[%clk 1:31:08]} d5 {[%clk
1:31:20]} 3. Nc3 {[%clk 1:31:27]} dxe4 {[%clk 1:31:45]} 4. Nxe4 {[%clk
1:31:50]} Nf6 {[%clk 1:32:10]} 5. Nxf6+ {[%clk 1:28:56]} exf6 {[%clk 1:32:35]}
6. Bf4 {[%clk 1:24:46]} Bd6 {[%clk 1:30:29]} 7. Bxd6 {[%clk 1:20:27]} Qxd6
{[%clk 1:30:52]} 8. Qd2 {[%clk 1:17:04]} O-O {[%clk 1:30:39]} 9. Be2 {[%clk
1:15:58]} Re8 {[%clk 1:28:45]} 10. O-O-O {[%clk 1:12:15]} Nd7 {[%clk 1:28:09]}
11. Kb1 {[%clk 1:09:23]} Nf8 {[%clk 1:28:14]} 12. Nf3 {[%clk 1:08:06]} Ng6
{[%clk 1:28:26]} 13. g3 {[%clk 1:05:07]} Qd5 {[%clk 1:22:06]} 14. Nh4 {[%clk
0:57:50]} Nxh4 {[%clk 1:19:06]} 15. gxh4 {[%clk 0:58:05]} Qe4 {[%clk 1:18:14]}
16. Bd3 {[%clk 0:55:56]} Qxh4 {[%clk 1:18:11]} 17. f4 {[%clk 0:54:35]} f5
{[%clk 1:09:00]} 18. Rhg1 {[%clk 0:43:17]} Qf6 {[%clk 1:05:28]} 19. Qf2 {[%clk
0:39:30]} Be6 {[%clk 1:04:28]} 20. h4 {[%clk 0:35:10]} Rad8 {[%clk 1:01:45]}
21. c3 {[%clk 0:32:11]} Bd5 {[%clk 0:59:13]} 22. Ka1 {[%clk 0:25:50]} Re7
{[%clk 0:54:13]} 23. Rg5 {[%clk 0:24:06]} Be4 {[%clk 0:52:20]} 24. Bc4 {[%clk
0:22:50]} h6 {[%clk 0:49:03]} 25. Rg3 {[%clk 0:18:31]} Kh8 {[%clk 0:47:50]} 26.
h5 {[%clk 0:17:20]} Qh4 {[%clk 0:39:53]} 27. Rdg1 {[%clk 0:15:14]} Rg8 {[%clk
0:35:30]} 28. a4 {[%clk 0:10:08]} Qf6 {[%clk 0:34:04]} 29. Re1 {[%clk 0:05:05]}
Bd5 {[%clk 0:30:09]} 30. Bxd5 {[%clk 0:01:41]} cxd5 {[%clk 0:28:41]} 31. Rge3
{[%clk 0:01:12]} Re4 {[%clk 0:27:47]} 32. Kb1 {[%clk 0:00:41]} Rge8 {[%clk
0:27:21]} 33. Kc2 {[%clk 0:00:47]} Rc8 {[%clk 0:24:02]} 34. Kb1 {[%clk
0:00:43]} Qb6 {[%clk 0:23:12]} 35. Ka2 {[%clk 0:00:43]} Qa5 {[%clk 0:21:49]}
36. Qc2 {[%clk 0:00:48]} b5 {[%clk 0:21:04]} 37. b3 {[%clk 0:00:38]} a6 {[%clk
0:17:21]} 38. Kb2 {[%clk 0:00:39]} Qc7 {[%clk 0:17:12]} 39. axb5 {[%clk
0:00:50]} axb5 {[%clk 0:17:35]} 40. Qd3 {[%clk 0:00:49]} Qxf4 {[%clk 0:16:01]}
41. Rxe4 {[%clk 0:28:27]} fxe4 {[%clk 0:46:12]} 42. Qe2 {[%clk 0:28:12]} Qc7
{[%clk 0:44:57]} 43. Qd2 {[%clk 0:26:06]} f5 {[%clk 0:43:19]} 44. Rf1 {[%clk
0:24:53]} Rf8 {[%clk 0:42:26]} 45. Rf4 {[%clk 0:24:29]} Qa5 {[%clk 0:40:56]}
46. Kb1 {[%clk 0:17:45]} Qa3 {[%clk 0:38:03]} 47. Qc2 {[%clk 0:17:17]} Ra8
{[%clk 0:38:02]} 48. Qb2 {[%clk 0:17:37]} Qxb2+ {[%clk 0:38:24]} 49. Kxb2
{[%clk 0:18:03]} Rf8 {[%clk 0:38:15]} 50. Kc2 {[%clk 0:16:26]} Kh7 {[%clk
0:38:36]} 51. Rf1 {[%clk 0:16:38]} f4 {[%clk 0:38:40]} 52. Kd2 {[%clk 0:16:43]}
g5 {[%clk 0:38:24]} 53. hxg6+ {[%clk 0:17:02]} Kxg6 {[%clk 0:38:50]} 54. Rg1+
{[%clk 0:17:13]} Kh7 {[%clk 0:38:05]} 55. Ra1 {[%clk 0:16:09]} f3 {[%clk
0:38:05]} 56. Ke3 {[%clk 0:16:12]} f2 {[%clk 0:38:21]} 57. Rf1 {[%clk 0:16:15]}
Rf3+ {[%clk 0:39:03]} 58. Kd2 {[%clk 0:16:19]} h5 {[%clk 0:39:25]} 59. c4
{[%clk 0:16:15]} dxc4 {[%clk 0:39:28]} 60. bxc4 {[%clk 0:16:31]} bxc4 {[%clk
0:39:44]} 0-1

[Event "DEM U16w 2022"]
[Site "Willingen GER"]
[Date "2022.06.06"]
[Round "3"]
[White "Pohle, Saskia"]
[Black "Cordes, Jule"]
[Result "1-0"]
[Termination "normal"]
[Board "3"]
[WhiteElo "1827"]
[BlackElo "1841"]
[WhiteClock "00:04:47"]
[BlackClock "00:00:34"]
[PlyCount "77"]
[WhiteFideId "16201604"]
[BlackFideId "1060708"]
[EventCountry "GER"]
[EventRounds "9"]
[EventType "swiss"]
[EventDate "2022.06.04"]

1. e4 {[%clk 1:30:59]} e6 {[%clk 1:15:20]} 2. d4 {[%clk 1:31:18]} d5 {[%clk
1:15:42]} 3. Nd2 {[%clk 1:31:34]} Nf6 {[%clk 1:16:05]} 4. e5 {[%clk 1:31:43]}
Nfd7 {[%clk 1:16:22]} 5. Bd3 {[%clk 1:31:52]} c5 {[%clk 1:16:45]} 6. c3 {[%clk
1:32:16]} Nc6 {[%clk 1:17:08]} 7. Ne2 {[%clk 1:32:40]} cxd4 {[%clk 1:17:22]} 8.
cxd4 {[%clk 1:33:04]} f6 {[%clk 1:17:39]} 9. exf6 {[%clk 1:33:12]} Nxf6 {[%clk
1:18:00]} 10. Nf3 {[%clk 1:33:29]} Bd6 {[%clk 1:18:12]} 11. O-O {[%clk
1:33:46]} Qc7 {[%clk 1:18:31]} 12. Bd2 {[%clk 1:30:08]} O-O {[%clk 1:18:37]}
13. Rc1 {[%clk 1:29:57]} Bd7 {[%clk 1:18:25]} 14. Nc3 {[%clk 1:28:59]} a6
{[%clk 1:14:30]} 15. Re1 {[%clk 1:28:50]} Rae8 {[%clk 1:10:55]} 16. Na4 {[%clk
1:25:30]} Ng4 {[%clk 1:07:55]} 17. g3 {[%clk 1:12:41]} Be7 {[%clk 0:52:11]} 18.
h3 {[%clk 1:03:54]} Nf6 {[%clk 0:43:51]} 19. Bf4 {[%clk 0:54:45]} Bd6 {[%clk
0:39:15]} 20. Bxd6 {[%clk 0:53:52]} Qxd6 {[%clk 0:39:34]} 21. Nc5 {[%clk
0:47:19]} Bc8 {[%clk 0:32:41]} 22. Kg2 {[%clk 0:43:59]} e5 {[%clk 0:22:01]} 23.
dxe5 {[%clk 0:37:14]} Nxe5 {[%clk 0:21:43]} 24. Nxe5 {[%clk 0:34:32]} Rxe5
{[%clk 0:21:54]} 25. Qc2 {[%clk 0:33:36]} Rfe8 {[%clk 0:15:45]} 26. Rxe5 {[%clk
0:33:06]} Qxe5 {[%clk 0:15:27]} 27. Qc3 {[%clk 0:29:30]} Qh5 {[%clk 0:10:58]}
28. h4 {[%clk 0:26:57]} Qg4 {[%clk 0:09:31]} 29. Bf1 {[%clk 0:26:58]} d4 {[%clk
0:01:13]} 30. Qb3+ {[%clk 0:24:44]} Kh8 {[%clk 0:01:11]} 31. Kg1 {[%clk
0:22:36]} b6 {[%clk 0:00:58]} 32. Qxb6 {[%clk 0:18:55]} Nh5 {[%clk 0:00:48]}
33. Qd6 {[%clk 0:15:57]} Qf3 {[%clk 0:00:35]} 34. Bg2 {[%clk 0:12:36]} Qe2
{[%clk 0:00:46]} 35. Qxd4 {[%clk 0:11:27]} Rf8 {[%clk 0:00:42]} 36. Rf1 {[%clk
0:07:30]} Bg4 {[%clk 0:00:38]} 37. Qe4 {[%clk 0:05:08]} Nxg3 {[%clk 0:00:34]}
38. fxg3 {[%clk 0:04:29]} Rxf1+ {[%clk 0:00:34]} 39. Bxf1 {[%clk 0:04:47]} 1-0

[Event "DEM U16w 2022"]
[Site "Willingen GER"]
[Date "2022.06.06"]
[Round "3"]
[White "Hubert, Charlotte"]
[Black "Zöllner, Bente"]
[Result "1/2-1/2"]
[Termination "normal"]
[Board "4"]
[WhiteElo "1651"]
[BlackElo "1614"]
[WhiteClock "00:00:52"]
[BlackClock "00:04:31"]
[PlyCount "125"]
[WhiteFideId "16265920"]
[BlackFideId "16230523"]
[EventCountry "GER"]
[EventRounds "9"]
[EventType "swiss"]
[EventDate "2022.06.04"]

1. e4 {[%clk 1:30:56]} c5 {[%clk 1:30:52]} 2. Nf3 {[%clk 1:31:16]} Nc6 {[%clk
1:31:13]} 3. d4 {[%clk 1:31:40]} cxd4 {[%clk 1:31:34]} 4. Nxd4 {[%clk 1:32:04]}
Nf6 {[%clk 1:31:57]} 5. Nc3 {[%clk 1:32:19]} e5 {[%clk 1:32:20]} 6. Ndb5 {[%clk
1:32:42]} d6 {[%clk 1:32:37]} 7. Bg5 {[%clk 1:33:04]} a6 {[%clk 1:32:57]} 8.
Na3 {[%clk 1:33:27]} b5 {[%clk 1:33:21]} 9. Nd5 {[%clk 1:33:47]} Be7 {[%clk
1:33:38]} 10. Bxf6 {[%clk 1:34:07]} Bxf6 {[%clk 1:33:58]} 11. c4 {[%clk
1:34:32]} b4 {[%clk 1:32:54]} 12. Nc2 {[%clk 1:34:52]} O-O {[%clk 1:32:31]} 13.
g3 {[%clk 1:30:13]} Bg5 {[%clk 1:31:56]} 14. h4 {[%clk 1:25:52]} Bh6 {[%clk
1:31:52]} 15. Bh3 {[%clk 1:24:10]} Be6 {[%clk 1:31:12]} 16. Kf1 {[%clk
1:13:58]} Rb8 {[%clk 1:31:01]} 17. b3 {[%clk 1:09:14]} Qd7 {[%clk 1:30:16]} 18.
g4 {[%clk 0:59:47]} Bf4 {[%clk 1:28:44]} 19. Nxf4 {[%clk 0:42:46]} exf4 {[%clk
1:28:45]} 20. Qf3 {[%clk 0:32:16]} Ne5 {[%clk 1:19:41]} 21. Qxf4 {[%clk
0:32:06]} Nxg4 {[%clk 1:14:38]} 22. Bxg4 {[%clk 0:28:49]} Bxg4 {[%clk 1:14:59]}
23. Ne3 {[%clk 0:27:21]} f5 {[%clk 1:13:26]} 24. Kg2 Rf6 {[%clk 1:10:37]} 25.
h5 {[%clk 0:08:50]} Qf7 {[%clk 1:01:55]} 26. Nd5 {[%clk 0:05:25]} Rh6 {[%clk
0:58:42]} 27. f3 {[%clk 0:04:21]} Bxh5 {[%clk 0:57:30]} 28. Qxf5 {[%clk
0:04:29]} Rf8 {[%clk 0:54:06]} 29. Qxf7+ {[%clk 0:04:02]} Rxf7 {[%clk 0:51:51]}
30. f4 {[%clk 0:03:15]} Rg6+ {[%clk 0:46:46]} 31. Kf2 {[%clk 0:03:25]} Rg5
{[%clk 0:43:28]} 32. Rag1 {[%clk 0:02:28]} Rxg1 {[%clk 0:41:39]} 33. Rxg1
{[%clk 0:02:52]} a5 {[%clk 0:41:41]} 34. Rg5 {[%clk 0:02:55]} g6 {[%clk
0:40:46]} 35. Ke3 {[%clk 0:03:11]} h6 {[%clk 0:40:23]} 36. Rg2 {[%clk 0:03:18]}
Kf8 {[%clk 0:39:35]} 37. Rd2 {[%clk 0:02:55]} Bg4 {[%clk 0:30:12]} 38. Rg2
{[%clk 0:02:39]} h5 {[%clk 0:29:48]} 39. Kf2 {[%clk 0:02:38]} Ke8 {[%clk
0:26:35]} 40. Kg3 {[%clk 0:01:58]} Be6 {[%clk 0:22:37]} 41. Rd2 {[%clk
0:29:15]} Kd7 {[%clk 0:43:56]} 42. Rf2 {[%clk 0:19:53]} Rf8 {[%clk 0:36:00]}
43. Kh4 {[%clk 0:19:05]} Ke8 {[%clk 0:27:30]} 44. Nc7+ {[%clk 0:15:57]} Ke7
{[%clk 0:25:53]} 45. Nxe6 {[%clk 0:15:57]} Kxe6 {[%clk 0:25:32]} 46. Kg5 {[%clk
0:16:12]} Rg8 {[%clk 0:24:18]} 47. Rd2 {[%clk 0:15:59]} Rh8 {[%clk 0:19:59]}
48. Kxg6 {[%clk 0:14:15]} h4 {[%clk 0:19:23]} 49. Rh2 {[%clk 0:13:36]} h3
{[%clk 0:17:18]} 50. Kg5 {[%clk 0:13:20]} Rg8+ {[%clk 0:16:51]} 51. Kh4 {[%clk
0:13:36]} Rg2 {[%clk 0:16:14]} 52. Kxh3 {[%clk 0:13:50]} Rg1 {[%clk 0:15:59]}
53. Rg2 {[%clk 0:13:50]} Re1 {[%clk 0:15:43]} 54. f5+ {[%clk 0:13:14]} Ke5
{[%clk 0:15:19]} 55. Rf2 {[%clk 0:10:37]} Kf6 {[%clk 0:14:16]} 56. Rd2 {[%clk
0:09:58]} a4 {[%clk 0:07:47]} 57. Rxd6+ {[%clk 0:08:52]} Kg5 {[%clk 0:06:42]}
58. Rg6+ {[%clk 0:07:23]} Kf4 {[%clk 0:06:11]} 59. Rg2 {[%clk 0:03:27]} Rf1
{[%clk 0:04:15]} 60. f6 {[%clk 0:02:16]} Kxe4 {[%clk 0:04:25]} 61. bxa4 {[%clk
0:01:25]} Rxf6 {[%clk 0:04:31]} 62. Rg4+ {[%clk 0:00:52]} Ke5 63. Kg3 1/2-1/2

[Event "DEM U16w 2022"]
[Site "Willingen GER"]
[Date "2022.06.06"]
[Round "3"]
[White "Alferova, Emily"]
[Black "Buchholz, Maja"]
[Result "0-1"]
[Termination "normal"]
[Board "5"]
[WhiteElo "1523"]
[BlackElo "1939"]
[WhiteClock "00:00:43"]
[BlackClock "00:13:28"]
[PlyCount "75"]
[WhiteFideId "16265904"]
[BlackFideId "16200500"]
[EventCountry "GER"]
[EventRounds "9"]
[EventType "swiss"]
[EventDate "2022.06.04"]

1. e4 {[%clk 1:30:57]} e6 {[%clk 1:30:50]} 2. d4 {[%clk 1:31:23]} d5 {[%clk
1:31:16]} 3. e5 {[%clk 1:31:49]} c5 {[%clk 1:31:41]} 4. c3 {[%clk 1:32:15]} Nc6
{[%clk 1:32:05]} 5. Nf3 {[%clk 1:32:41]} Qb6 {[%clk 1:32:23]} 6. a3 {[%clk
1:33:04]} c4 {[%clk 1:32:46]} 7. g3 {[%clk 1:33:21]} Na5 {[%clk 1:33:10]} 8.
Nbd2 {[%clk 1:33:41]} Bd7 {[%clk 1:33:32]} 9. Bg2 {[%clk 1:33:32]} Ne7 {[%clk
1:33:31]} 10. O-O {[%clk 1:32:22]} O-O-O {[%clk 1:33:41]} 11. Ng5 {[%clk
1:27:21]} Be8 {[%clk 1:33:11]} 12. Rb1 {[%clk 1:22:05]} f6 {[%clk 1:29:10]} 13.
exf6 {[%clk 1:14:32]} gxf6 {[%clk 1:29:28]} 14. Ngf3 {[%clk 1:14:43]} Bg6
{[%clk 1:28:05]} 15. Ra1 {[%clk 1:14:39]} Nf5 {[%clk 1:26:55]} 16. Re1 {[%clk
1:04:11]} h5 {[%clk 1:25:56]} 17. Bh3 {[%clk 1:00:20]} Re8 {[%clk 1:18:52]} 18.
Bxf5 {[%clk 0:54:32]} Bxf5 {[%clk 1:18:20]} 19. Nh4 {[%clk 0:44:47]} Bd3 {[%clk
1:08:40]} 20. Qf3 {[%clk 0:41:36]} Bg7 {[%clk 0:47:57]} 21. b4 {[%clk 0:36:34]}
Nc6 {[%clk 0:47:00]} 22. Ng2 {[%clk 0:26:37]} Nxd4 {[%clk 0:33:05]} 23. cxd4
{[%clk 0:23:44]} Qxd4 {[%clk 0:33:27]} 24. Nxc4 {[%clk 0:16:44]} Bxc4 {[%clk
0:29:20]} 25. Be3 {[%clk 0:16:21]} Qc3 {[%clk 0:28:02]} 26. Qd1 {[%clk
0:10:38]} f5 {[%clk 0:26:10]} 27. Bxa7 {[%clk 0:08:31]} Qxa1 {[%clk 0:25:02]}
28. Qa4 {[%clk 0:04:57]} Qb2 {[%clk 0:23:39]} 29. Bc5 {[%clk 0:03:48]} Ba6
{[%clk 0:22:42]} 30. Qa5 {[%clk 0:03:07]} Bd4 {[%clk 0:19:04]} 31. Bxd4 {[%clk
0:01:31]} Qxd4 {[%clk 0:19:27]} 32. Rc1+ {[%clk 0:01:56]} Bc4 {[%clk 0:19:38]}
33. Ne3 {[%clk 0:00:55]} Kd7 {[%clk 0:15:53]} 34. Rd1 {[%clk 0:00:39]} Qc3
{[%clk 0:14:34]} 35. Qb6 {[%clk 0:00:36]} Rb8 {[%clk 0:14:16]} 36. Rd4 {[%clk
0:00:49]} Bb3 {[%clk 0:13:18]} 37. Qb5+ {[%clk 0:00:31]} Ke7 {[%clk 0:13:28]}
38. Qe2 {[%clk 0:00:43]} 0-1

[Event "DEM U16w 2022"]
[Site "Willingen GER"]
[Date "2022.06.06"]
[Round "3"]
[White "von Beckh, Frieda"]
[Black "Glowiak, Alexandra"]
[Result "0-1"]
[Termination "normal"]
[Board "6"]
[WhiteElo "1651"]
[BlackElo "1503"]
[WhiteClock "00:21:01"]
[BlackClock "00:11:10"]
[PlyCount "52"]
[WhiteFideId "16233751"]
[BlackFideId "16259530"]
[EventCountry "GER"]
[EventRounds "9"]
[EventType "swiss"]
[EventDate "2022.06.04"]

1. e4 {[%clk 1:30:56]} e5 {[%clk 1:30:52]} 2. Nf3 {[%clk 1:31:21]} Nc6 {[%clk
1:31:16]} 3. d4 {[%clk 1:31:47]} exd4 {[%clk 1:31:41]} 4. Nxd4 {[%clk 1:32:11]}
Bc5 {[%clk 1:32:06]} 5. Nb3 {[%clk 1:32:35]} Bb6 {[%clk 1:31:34]} 6. Nc3 {[%clk
1:32:58]} d6 {[%clk 1:21:35]} 7. Qe2 {[%clk 1:33:11]} Be6 {[%clk 1:16:34]} 8.
Be3 {[%clk 1:26:10]} Nf6 {[%clk 1:11:06]} 9. O-O-O {[%clk 1:18:33]} Qe7 {[%clk
1:03:08]} 10. h3 {[%clk 1:16:34]} O-O-O {[%clk 0:59:25]} 11. Bxb6 {[%clk
1:13:07]} axb6 {[%clk 0:59:18]} 12. Nd4 {[%clk 1:06:50]} Nxd4 {[%clk 0:55:46]}
13. Rxd4 {[%clk 1:03:22]} Rhe8 {[%clk 0:55:14]} 14. Ra4 {[%clk 1:01:10]} Kb8
{[%clk 0:54:23]} 15. g4 {[%clk 0:56:57]} Bd7 {[%clk 0:51:47]} 16. g5 {[%clk
0:41:49]} Ng8 {[%clk 0:22:21]} 17. Nd5 {[%clk 0:36:58]} Qxg5+ {[%clk 0:22:33]}
18. f4 {[%clk 0:37:20]} Qh4 {[%clk 0:22:03]} 19. Rb4 {[%clk 0:34:19]} Bc6
{[%clk 0:21:00]} 20. Nxb6 {[%clk 0:30:57]} Qxf4+ {[%clk 0:16:43]} 21. Kb1
{[%clk 0:31:18]} cxb6 {[%clk 0:16:56]} 22. Bg2 {[%clk 0:30:45]} Nf6 {[%clk
0:15:48]} 23. Rf1 {[%clk 0:29:36]} Qh4 {[%clk 0:15:35]} 24. Rxb6 {[%clk
0:28:01]} Nxe4 {[%clk 0:12:24]} 25. Qd3 {[%clk 0:22:16]} Nc5 {[%clk 0:11:23]}
26. Qc3 {[%clk 0:21:01]} Bxg2 {[%clk 0:11:10]} 0-1

[Event "DEM U16w 2022"]
[Site "Willingen GER"]
[Date "2022.06.06"]
[Round "3"]
[White "Foos, Vanessa"]
[Black "Derling, Charlotte"]
[Result "0-1"]
[Termination "normal"]
[Board "7"]
[WhiteElo "1462"]
[BlackElo "1506"]
[WhiteClock "00:16:58"]
[BlackClock "00:08:10"]
[PlyCount "72"]
[WhiteFideId "16245270"]
[BlackFideId "16222237"]
[EventCountry "GER"]
[EventRounds "9"]
[EventType "swiss"]
[EventDate "2022.06.04"]

1. e4 {[%clk 1:30:55]} c5 {[%clk 1:30:53]} 2. d4 {[%clk 1:31:14]} cxd4 {[%clk
1:31:06]} 3. c3 {[%clk 1:31:39]} g6 {[%clk 1:31:11]} 4. cxd4 {[%clk 1:30:55]}
d5 {[%clk 1:31:23]} 5. e5 {[%clk 1:30:02]} Nc6 {[%clk 1:31:18]} 6. Bb5 {[%clk
1:30:00]} Nh6 {[%clk 1:30:39]} 7. Nc3 {[%clk 1:22:00]} e6 {[%clk 1:27:21]} 8.
Nf3 {[%clk 1:20:11]} Bg7 {[%clk 1:25:57]} 9. O-O {[%clk 1:13:56]} O-O {[%clk
1:24:45]} 10. Bg5 {[%clk 1:07:32]} Qc7 {[%clk 1:15:57]} 11. Bxc6 {[%clk
1:07:43]} bxc6 {[%clk 1:15:18]} 12. Qd2 {[%clk 0:57:09]} Nf5 {[%clk 1:14:23]}
13. g4 {[%clk 0:55:17]} Ne7 {[%clk 1:11:20]} 14. Bf6 {[%clk 0:54:56]} Ba6
{[%clk 1:00:52]} 15. Rfe1 {[%clk 0:53:57]} Nc8 {[%clk 0:50:17]} 16. h4 {[%clk
0:53:26]} Nb6 {[%clk 0:42:07]} 17. h5 {[%clk 0:52:16]} Nd7 {[%clk 0:39:28]} 18.
Qg5 {[%clk 0:48:20]} h6 {[%clk 0:33:05]} 19. Qh4 {[%clk 0:45:02]} g5 {[%clk
0:31:50]} 20. Bxg5 {[%clk 0:45:19]} hxg5 {[%clk 0:31:30]} 21. Qxg5 {[%clk
0:45:08]} f6 {[%clk 0:29:32]} 22. Qg6 {[%clk 0:44:20]} Rf7 {[%clk 0:25:55]} 23.
h6 {[%clk 0:43:51]} Nf8 {[%clk 0:25:00]} 24. Qh5 {[%clk 0:44:03]} Bh8 {[%clk
0:20:57]} 25. g5 {[%clk 0:41:07]} fxg5 {[%clk 0:18:24]} 26. Qxg5+ {[%clk
0:39:48]} Bg7 {[%clk 0:17:43]} 27. Kh1 {[%clk 0:40:05]} Rxf3 {[%clk 0:15:30]}
28. hxg7 {[%clk 0:34:58]} Qxg7 {[%clk 0:13:22]} 29. Qxg7+ {[%clk 0:22:36]} Kxg7
{[%clk 0:13:38]} 30. Kg2 {[%clk 0:22:33]} Rd3 {[%clk 0:12:48]} 31. Ne2 {[%clk
0:22:13]} Rd2 {[%clk 0:12:17]} 32. Kf3 {[%clk 0:20:29]} Rxb2 {[%clk 0:11:22]}
33. Nf4 {[%clk 0:17:56]} Kf7 {[%clk 0:09:17]} 34. Rec1 {[%clk 0:17:54]} Bc4
{[%clk 0:08:38]} 35. a3 {[%clk 0:17:17]} Rab8 {[%clk 0:08:04]} 36. Nh5 {[%clk
0:16:58]} Be2+ {[%clk 0:08:10]} 0-1